| 000 | 00309 a2200121 4500 | ||
|---|---|---|---|
| 245 |
_aMyalʹ _hprint |
||
| 100 | _aBRODBER, ERNA | ||
| 650 | _aEnglish Novel | ||
| 005 | 20191017172853.0 | ||
| 260 |
_agw _bVerlag "Possev."] _c[n.d.] |
||
| 084 | _aH8 .M9 | ||
| 300 |
_ano in v. 25 cm. _bno in v. 25 cm. _cno in v. 25 cm. |
||
| 500 | _aRomanized. | ||
| 999 |
_c9484 _d9484 |
||